Jacksonville Jaguars Starting Quarterbacks from 2011-20 - Statistics

General Stats
  • This quiz has been taken 59 times
  • The average score is 8 of 10
Answer Stats
Hint Answer % Correct
14-15 Blake Bortles
98%
15-16 Blake Bortles
98%
16-17 Blake Bortles
98%
17-18 Blake Bortles
98%
18-19 Blake Bortles
98%
19-20 Gardner Minshew
87%
20-21 Gardner Minshew
87%
11-12 Blaine Gabbert
60%
12-13 Blaine Gabbert
60%
13-14 Chad Henne
57%
No matching quizzes found
Score Distribution
Percent of People with Each Score
Percentile by Number Answered
Your Score History
You have not taken this quiz